كتاب المحاريب ؛ (Record no. 29553)
[ view plain ]
| 000 -الفاتح | |
|---|---|
| حقل البيانات ثابتة الطول | 01582nam a22003137a 4500 |
| 003 - محدد رقم الضبط | |
| رقم الضبط | EG-ScBUE |
| 005 - وقت وتاريخ اخر تعامل مع التسجيلة | |
| رقم الضبط | 20211004104828.0 |
| 008 - عناصر البيانات ثابتة الطول - معلومات عامة | |
| حقل البيانات ثابتة الطول | 210930s2002 ua f 000 0 ara d |
| 017 ## - رقم الإيداع القانونى | |
| رقم الإيداع القانونى | 2002/9161 |
| 020 ## - الرقم الدولى المعيارى للكتب | |
| الرقم الدولى المعيارى للكتاب | 9770178189 |
| 040 ## - مصدر الفهرسة | |
| وكالة الفهرسة الأصلية | EG-ScBUE |
| لغة الفهرسة | ara |
| قواعد الوصف | rda |
| وكالة النسخ | EG-ScBUE |
| وكالة التعديل | EG-ScBUE |
| 082 04 - رقم تصنيف ديوى العشرى | |
| رقم التصنيف | 297.124 |
| رقم المادة | ح س ن |
| رقم الطبعة | 22 |
| 100 1# - المدخل الرئيسى - إسم شخصى | |
| الإسم الشخصى | الحسني، صلاح الدين التجاني، |
| الدور | مؤلف. |
| 245 10 - بيان العنوان | |
| العنوان | كتاب المحاريب ؛ |
| بقية العنوان | ومعه كتاب الدرر السنية في الأربعين حديثا التجانية ؛ ومعه كتاب الياقوتة الفريدة في التوحيد والعقيدة / |
| بيان المسئوليه,etc | تأليف سماحة الإمام صلاح الدين التجاني الحسني. |
| 246 30 - العنوان الموازى | |
| عنوان صحيح/عنوان مختصر | محاريب : |
| بقية العنوان | ومعه كتاب الدرر السنية في الأربعين حديثا التجانية ؛ ومعه كتاب الياقوتة الفريدة في التوحيد والعقيدة |
| 264 #1 - النشر، التوزيع | |
| مكان الناشر او الموزع | [القاهرة] : |
| اسم الناشر او الموزع | الهيئة المصرية العامة للكتاب، |
| تاريخ النشر أو التوزيع | 2002. |
| 300 ## - الوصف المادى | |
| التعداد | 582 صفحة ؛ |
| أبعاد الوعاء | 26 سم |
| 336 ## - نوع المحتوى | |
| source | rdacontent |
| Carrier Type Term | نص |
| Content Type Code | txt |
| 337 ## - نوع الوسيط | |
| source | rdamedia |
| Media Type Term | بدون وسيط |
| Media Type Code | n |
| 338 ## - نوع الحامل أو الناقل | |
| source | rdacarrier |
| Carrier Type Term | مجلد |
| Carrier Type Code | nc |
| 541 ## - تبصرة المصدر المباشر للتزويد | |
| طريقة التزويد | Donation. |
| 650 #7 - المدخل الاضافى بالموضوع-مصطلح موضوعى | |
| مصطلح موضوعي أو اسم جغرافي كعنصر مدخل | الحديث |
| التقسيم الفرعي العام | شرح. |
| مصدر الرأس أو المصطلح | BUEsh |
| 650 #7 - المدخل الاضافى بالموضوع-مصطلح موضوعى | |
| مصطلح موضوعي أو اسم جغرافي كعنصر مدخل | علم الكلام. |
| مصدر الرأس أو المصطلح | BUEsh |
| 653 #7 - مصطلح تكشيفى غير مقيد | |
| مصطلح غير مقيد | BUEsh |
| Resource For college | Generalities |
| Arrived date list | September2021 |
| 655 #7 - مصطلح تكشيفى-نوع/شكل | |
| مصدر المصطلح | BUEsh |
| التقسيم الفرعي الشكلي | Reading book |
| -- | 34232 |
| 740 22 - المدخل الاضافى - عنوان مرتبط/تحليلى غير مقيد | |
| العنوان التحليلي/ الرابط غير مقيد | الدرر السنية في الأربعين حديثا التجانية. |
| 740 22 - المدخل الاضافى - عنوان مرتبط/تحليلى غير مقيد | |
| العنوان التحليلي/ الرابط غير مقيد | الياقوتة الفريدة في التوحيد والعقيدة. |
| 942 ## - عناصر المدخل الإضافي( كوها) | |
| مصدر التصنيف او مخطط الترفيف | Dewey Decimal Classification |
| حالة التراجع | حالة الفقد | مصدر التصنيف او خطة الترفيف | حالة تلف | ليس للاعارة | مجموعات كوها | المكان الدائم | المكان الحالي | موقع الترفيف | تاريخ الاكتساب | Source of acquisition | رقم الاستدعاء | الباركود | Date last seen | نوع الوعاء |
|---|---|---|---|---|---|---|---|---|---|---|---|---|---|---|
| Dewey Decimal Classification | Donation-Gift | Central Library | Central Library | Lower Floor | 30/09/2021 | Donation | 297.124 ح س ن | 000050794 | 24/08/2022 | Book - Borrowing |